| 000 -LEADER |
| fixed length control field |
01371cam a2200361 a 4500 |
| 001 - CONTROL NUMBER |
| control field |
9021688 |
| 003 - CONTROL NUMBER IDENTIFIER |
| control field |
NUST - PNEC |
| 005 - DATE AND TIME OF LATEST TRANSACTION |
| control field |
20170116181117.0 |
| 008 - FIXED-LENGTH DATA ELEMENTS--GENERAL INFORMATION |
| fixed length control field |
110518s2008 pk ac 000 0deng |
| 010 ## - LIBRARY OF CONGRESS CONTROL NUMBER |
| LC control number |
2011314294 |
| 035 ## - SYSTEM CONTROL NUMBER |
| System control number |
(OCoLC)ocn311816647 |
| 035 ## - SYSTEM CONTROL NUMBER |
| System control number |
(OCoLC)311816647 |
| 035 ## - SYSTEM CONTROL NUMBER |
| System control number |
(NNC)9021688 |
| 037 ## - SOURCE OF ACQUISITION |
| Source of stock number/acquisition |
Library of Congress -- Islamabad Overseas Office |
| Terms of availability |
Rs 600.00 |
| 040 ## - CATALOGING SOURCE |
| Original cataloging agency |
DLC |
| Language of cataloging |
eng |
| Transcribing agency |
LIBRARY |
| Modifying agency |
AU@ |
| -- |
DKAGE |
| 042 ## - AUTHENTICATION CODE |
| Authentication code |
lcode |
| -- |
pcc |
| 043 ## - GEOGRAPHIC AREA CODE |
| Geographic area code |
a-pk--- |
| 050 00 - LIBRARY OF CONGRESS CALL NUMBER |
| Classification number |
DS389.22.B48 |
| Item number |
B464 2008 |
| 082 04 - DEWEY DECIMAL CLASSIFICATION NUMBER |
| Classification number |
954.91092 ZUL |
| Edition number |
22 |
| 245 00 - TITLE STATEMENT |
| Title |
Benazir Bhutto, political thinker and diplomat : |
| Remainder of title |
selected articles, interviews, speeches, editorials, obituaries and book reviews / |
| Statement of responsibility, etc. |
compiled & edited by Zulfiqar Halepoto. |
| 260 ## - PUBLICATION, DISTRIBUTION, ETC. |
| Place of publication, distribution, etc. |
Karachi : |
| Name of publisher, distributor, etc. |
Sindhica : |
| -- |
Stockists, Fazlee Book, |
| Date of publication, distribution, etc. |
2008. |
| 300 ## - PHYSICAL DESCRIPTION |
| Extent |
xxiv, 509 p., [16] p. of leaves : |
| Other physical details |
ill. (some col.), ports. ; |
| Dimensions |
23 cm. |
| 520 ## - SUMMARY, ETC. |
| Summary, etc. |
Benazir Bhutto, 1953-2007, former prime minister of Pakistan. |
| 600 10 - SUBJECT ADDED ENTRY--PERSONAL NAME |
| Personal name |
Bhutto, Benazir, |
| Dates associated with a name |
1953-2007. |
| 650 ## - SUBJECT ADDED ENTRY--TOPICAL TERM |
| 9 (RLIN) |
13307 |
| Topical term or geographic name entry element |
Politics and government |
| General subdivision |
General books |
| 651 #0 - SUBJECT ADDED ENTRY--GEOGRAPHIC NAME |
| Geographic name |
Pakistan |
| General subdivision |
Politics and government |
| Chronological subdivision |
1971-1988. |
| 651 #0 - SUBJECT ADDED ENTRY--GEOGRAPHIC NAME |
| Geographic name |
Pakistan |
| General subdivision |
Politics and government |
| Chronological subdivision |
1988- |
| 700 1# - ADDED ENTRY--PERSONAL NAME |
| Personal name |
Bhutto, Benazir, |
| Dates associated with a name |
1953-2007. |
| 700 1# - ADDED ENTRY--PERSONAL NAME |
| Personal name |
Halepoto, Zulfiqar. |
| 942 ## - ADDED ENTRY ELEMENTS (KOHA) |
| Source of classification or shelving scheme |
|
| Koha item type |
Book |
| 948 1# - LOCAL PROCESSING INFORMATION (OCLC); SERIES PART DESIGNATOR (RLIN) |
| Series part designator, SPT (RLIN) |
20110923 |
| b (OCLC) |
c |
| c (OCLC) |
dc21 |
| d (OCLC) |
MPS |